[Event "Kvika Reykjavik Open 2022"]
[Site "Reykjavik, Iceland"]
[Date "2022.04.06"]
[Round "1.81"]
[White "Baecker, Niko"]
[Black "Smith, Chris P"]
[Result "1-0"]
[WhiteElo "1885"]
[BlackElo "1454"]
[PlyCount "69"]
[EventDate "2022.??.??"]

1. d4 Nf6 2. c4 e6 3. Nc3 Bb4 4. e3 O-O 5. Bd3 d6 6. Nge2 b6 7. a3 Bxc3+ 8.
Nxc3 Bb7 9. e4 h6 10. O-O Nbd7 11. f4 c5 12. d5 exd5 13. cxd5 Re8 14. Qf3 Rb8
15. Kh1 Qc8 16. Nb5 c4 17. Nxd6 Qc5 18. Nxe8 cxd3 19. Nxf6+ Nxf6 20. Qxd3 Ng4
21. Qf3 Ba6 22. Bd2 Bxf1 23. Rxf1 Qb5 24. Bc3 Rd8 25. Rd1 Qd7 26. e5 Qb5 27.
Qxg4 Rxd5 28. h3 Rxd1+ 29. Qxd1 Qc4 30. Qg4 h5 31. Qg3 g6 32. Qg5 Qf1+ 33. Kh2
Qc4 34. e6 Qc8 35. Qf6 1-0

[Event "Kvika Reykjavik Open 2022"]
[Site "Reykjavik, Iceland"]
[Date "2022.04.07"]
[Round "2.1"]
[White "Korley, Kassa"]
[Black "Idani, Pouya"]
[Result "1/2-1/2"]
[WhiteElo "2400"]
[BlackElo "2638"]
[PlyCount "62"]
[EventDate "2022.??.??"]

1. d4 {[%eval 3,0]} Nf6 {[%eval 23,0]} 2. c4 {[%eval 2,0]} g6 {[%eval 3,0]} 3.
g3 {[%eval 21,0]} Bg7 {[%eval 43,0]} 4. Bg2 {[%eval 13,0]} O-O {[%eval 44,0]}
5. Nc3 {[%eval 41,0]} d6 {[%eval 37,0]} 6. Nf3 {[%eval 27,0]} c5 {[%eval 33,0]}
7. d5 {[%eval 36,0]} e6 {[%eval 45,0]} 8. O-O {[%eval 49,0]} Re8 {[%eval 4,0]}
9. dxe6 {[%eval 29,0]} Bxe6 {[%eval 41,0]} 10. Ng5 {[%eval 0,0]} Bxc4 {[%eval
17,0]} 11. Bxb7 {[%eval 0,0]} Nbd7 {[%eval 18,0]} 12. Bxa8 {[%eval 0,0]} Qxa8 {
[%eval 0,0]} 13. Qxd6 {[%eval 7,0]} h6 {[%eval 15,0]} 14. Nf3 {[%eval 0,0]}
Bxe2 {[%eval 2,0]} 15. Nxe2 {[%eval 14,0]} Qxf3 {[%eval 8,0]} 16. Nc3 {[%eval
0,0]} Qb7 {[%eval 7,0]} 17. Qd1 {[%eval 7,0]} Ne5 {[%eval 8,0]} 18. f4 {
[%eval 15,0]} Nc4 {[%eval 4,0]} 19. Qf3 {[%eval 0,0]} Qd7 {[%eval 41,0]} 20.
Rd1 $6 {[%eval 28,0] Inaccuracy. Kh1 was best.} (20. Kh1 Ng4) 20... Qf5 {
[%eval 14,0]} 21. Qd3 {[%eval 1,0]} Ng4 {[%eval 0,0]} 22. Qxf5 {[%eval 0,0]}
gxf5 {[%eval 0,0]} 23. h3 {[%eval 0,0]} Bd4+ {[%eval 0,0]} 24. Kg2 {[%eval 0,0]
} Nge3+ {[%eval 0,0]} 25. Bxe3 {[%eval 0,0]} Nxe3+ {[%eval 0,0]} 26. Kf3 {
[%eval 0,0]} Nxd1 {[%eval 0,0]} 27. Rxd1 {[%eval 0,0]} Re3+ {[%eval 0,0]} 28.
Kg2 {[%eval 16,0]} a5 {[%eval 0,0]} 29. Rc1 {[%eval 0,0]} h5 30. Rc2 h4 31.
gxh4 Bxc3 1/2-1/2

[Event "Kvika Reykjavik Open 2022"]
[Site "Reykjavik, Iceland"]
[Date "2022.04.07"]
[Round "2.2"]
[White "Gukesh, D..."]
[Black "Fantinel, Thibault"]
[Result "1-0"]
[WhiteElo "2637"]
[BlackElo "2378"]
[PlyCount "71"]
[EventDate "2022.??.??"]

1. d4 {[%eval 3,0]} Nf6 {[%eval 23,0]} 2. Nf3 {[%eval 12,0]} g6 {[%eval 21,0]}
3. c4 {[%eval 25,0]} Bg7 {[%eval 13,0]} 4. Nc3 {[%eval 24,0]} O-O {[%eval 65,0]
} 5. e4 {[%eval 7,0]} d6 {[%eval 48,0]} 6. Be2 {[%eval 5,0]} e5 {[%eval 54,0]}
7. O-O {[%eval 59,0]} Bg4 {[%eval 48,0]} 8. d5 {[%eval 7,0]} a5 {[%eval 67,0]}
9. Be3 {[%eval 56,0]} Na6 {[%eval 5,0]} 10. Nd2 {[%eval 59,0]} Bd7 {[%eval 64,
0]} 11. a3 {[%eval 58,0]} h5 {[%eval 78,0]} 12. f3 {[%eval 65,0]} Nh7 {[%eval
8,0]} 13. Rb1 {[%eval 89,0]} f5 {[%eval 71,0]} 14. b4 {[%eval 113,0]} axb4 {
[%eval 8,0]} 15. axb4 {[%eval 126,0]} b6 {[%eval 163,0]} 16. Qb3 {[%eval 113,0]
} Bf6 $6 {[%eval 214,0] Inaccuracy. f4 was best.} (16... f4 17. Bf2) 17. c5 $6
{[%eval 124,0] Inaccuracy. exf5 was best.} (17. exf5 gxf5 18. Ra1 Bc8 19. f4
Qe7 20. Bxh5 exf4 21. Bxf4 Qg7 22. Rac1 Bg5 23. Ne2 Qh6) 17... bxc5 {[%eval 91,
0]} 18. Bxa6 {[%eval 100,0]} Rxa6 {[%eval 9,0]} 19. bxc5 {[%eval 89,0]} Bg5 {
[%eval 105,0]} 20. Bxg5 {[%eval 99,0]} Nxg5 {[%eval 72,0]} 21. c6 {[%eval 69,0]
} Bc8 {[%eval 71,0]} 22. Qb8 $6 {[%eval 0,0] Inaccuracy. Qc2 was best.} (22.
Qc2 Ra8) 22... h4 {[%eval 7,0]} 23. exf5 {[%eval 16,0]} gxf5 $6 {[%eval 88,0]
Inaccuracy. h3 was best.} (23... h3 24. g3) 24. f4 $6 {[%eval 32,0] Inaccuracy.
h3 was best.} (24. h3 Qe7) 24... exf4 {[%eval 2,0]} 25. Qb4 {[%eval 21,0]} h3 {
[%eval 51,0]} 26. Qxf4 {[%eval 77,0]} hxg2 $6 {[%eval 167,0] Inaccuracy. Qe7
was best.} (26... Qe7 27. Kh1) 27. Kxg2 {[%eval 137,0]} Qf6 {[%eval 156,0]} 28.
Kh1 {[%eval 145,0]} Nh7 $4 {[%eval 426,0] Blunder. Kf7 was best.} (28... Kf7
29. Nde4) 29. Rg1+ {[%eval 426,0]} Kh8 {[%eval 399,0]} 30. Nb5 {[%eval 386,0]}
Qf7 {[%eval 449,0]} 31. Qd4+ {[%eval 425,0]} Nf6 $6 {[%eval 546,0] Inaccuracy.
Qf6 was best.} (31... Qf6 32. Qf4) 32. Nc3 {[%eval 504,0]} Ra5 {[%eval 646,0]}
33. Rb4 $4 {[%eval 316,0] Blunder. Nf3 was best.} (33. Nf3 Qh5 34. Ng5 Qh6 35.
Rbf1 Kg8 36. Ne6+ Kf7 37. Nxf8 Kxf8 38. Rf4 Kf7 39. Rh4 Qf8) 33... Rc5 34. Nf3
Qh5 35. Ng5 f4 36. Rb8 1-0

[Event "Kvika Reykjavik Open 2022"]
[Site "Reykjavik, Iceland"]
[Date "2022.04.07"]
[Round "2.3"]
[White "Sukandar, Irine Kharisma"]
[Black "Niemann, Hans Moke"]
[Result "0-1"]
[WhiteElo "2386"]
[BlackElo "2637"]
[PlyCount "74"]
[EventDate "2022.??.??"]

1. e4 {[%eval 33,0]} c5 {[%eval 32,0]} 2. Nc3 {[%eval 24,0]} Nc6 {[%eval 38,0]}
3. Bb5 {[%eval 0,0]} g6 {[%eval 13,0]} 4. Bxc6 {[%eval 9,0]} bxc6 {[%eval 42,0]
} 5. d3 {[%eval 0,0]} Bg7 {[%eval 45,0]} 6. Be3 $6 {[%eval 38,0] Inaccuracy.
Nge2 was best.} (6. Nge2 d6 7. h3 f5 8. exf5 Bxf5 9. Be3 Nf6 10. Qd2 Rb8) 6...
Rb8 {[%eval 35,0]} 7. Nge2 {[%eval 48,0]} d5 $2 {[%eval 65,0] Mistake. Rxb2
was best.} (7... Rxb2 8. Qc1 Rb7 9. Bxc5 d6 10. Be3 d5 11. exd5 Qa5 12. Qd2) 8.
exd5 {[%eval 22,0]} cxd5 {[%eval 18,0]} 9. Bxc5 {[%eval 8,0]} d4 {[%eval 0,0]}
10. Ne4 {[%eval 32,0]} f5 {[%eval 29,0]} 11. N4g3 $6 {[%eval 49,0] Inaccuracy.
Ng5 was best.} (11. Ng5) 11... Qd5 {[%eval 55,0]} 12. b4 {[%eval 65,0]} Qxg2 {
[%eval 78,0]} 13. Qd2 {[%eval 35,0]} Qd5 {[%eval 71,0]} 14. Bxa7 {[%eval -94,0]
} Ra8 {[%eval -99,0]} 15. Bc5 {[%eval -97,0]} e5 $2 {[%eval 7,0] Mistake. Kf7
was best.} (15... Kf7 16. a4) 16. c4 {[%eval 23,0]} Qc6 $2 {[%eval 102,0]
Mistake. Qf3 was best.} (16... Qf3 17. Ng1 Qb7 18. Qe2 Nf6 19. Nf3 Nd7 20. Nxe5
Nxe5 21. f4 h5 22. Rg1 Kf7 23. fxe5) 17. f4 {[%eval 148,0]} Bh6 {[%eval 116,0]}
18. Rf1 $4 {[%eval 52,0] Blunder. Qb2 was best.} (18. Qb2 Rb8) 18... Nf6 {
[%eval 33,0]} 19. Qb2 {[%eval 49,0]} Rb8 {[%eval 7,0]} 20. Ba7 $6 {[%eval -92,
0] Inaccuracy. Rb1 was best.} (20. Rb1 Nd7) 20... Rb7 {[%eval -98,0]} 21. fxe5
{[%eval -66,0]} Ng4 $4 {[%eval 232,0] Blunder. Rxa7 was best.} (21... Rxa7) 22.
Bxd4 {[%eval 211,0]} Nxh2 {[%eval 261,0]} 23. b5 {[%eval 272,0]} Qg2 $2 {
[%eval 473,0] Mistake. Qc7 was best.} (23... Qc7) 24. Rf2 {[%eval 423,0]} Qh3 {
[%eval 542,0]} 25. c5 $4 {[%eval 162,0] Blunder. Qa3 was best.} (25. Qa3 Bf8
26. c5 Be7 27. O-O-O Qh6+ 28. Kc2 Ng4 29. Rf4 Rd7 30. Qa4 Rxd4 31. Qxd4 O-O)
25... Ng4 $6 {[%eval 255,0] Inaccuracy. O-O was best.} (25... O-O 26. c6 Rbf7
27. b6 Ng4 28. b7 Nxf2 29. Bxf2 Bxb7 30. e6 Re7 31. cxb7 Rb8 32. Rb1) 26. c6 {
[%eval 204,0]} Re7 {[%eval 249,0]} 27. b6 {[%eval 223,0]} O-O {[%eval 278,0]}
28. Qb3+ {[%eval 301,0]} Be6 {[%eval 199,0]} 29. Qb4 $2 {[%eval 89,0] Mistake.
Qb2 was best.} (29. Qb2 Nxf2 30. Bxf2 Qg2 31. b7 Rb8 32. Qb6 Ree8 33. c7 Rxb7
34. Qxe6+ Rxe6 35. c8=Q+ Kf7) 29... Ree8 {[%eval 107,0]} 30. b7 {[%eval 207,0]}
Qh4 31. c7 Nxf2 32. Kxf2 f4 33. Rg1 fxg3+ 34. Ke1 g2+ 35. Kd1 Qg4 36. b8=Q Rf1+
37. Qe1 Qxe2+ 0-1

[Event "Kvika Reykjavik Open 2022"]
[Site "Reykjavik, Iceland"]
[Date "2022.04.07"]
[Round "2.4"]
[White "Adhiban, B...."]
[Black "Rosen, Eric"]
[Result "1-0"]
[WhiteElo "2633"]
[BlackElo "2359"]
[PlyCount "97"]
[EventDate "2022.??.??"]

1. e4 {[%eval 33,0]} c5 {[%eval 32,0]} 2. c3 {[%eval 0,0]} d5 {[%eval 26,0]} 3.
exd5 {[%eval 17,0]} Qxd5 {[%eval 18,0]} 4. d4 {[%eval 11,0]} Nf6 {[%eval 0,0]}
5. Nf3 {[%eval 0,0]} e6 {[%eval 25,0]} 6. Na3 {[%eval 17,0]} Nc6 {[%eval 5,0]}
7. Be3 {[%eval 23,0]} cxd4 {[%eval 18,0]} 8. Nb5 {[%eval 27,0]} Qd8 {[%eval 41,
0]} 9. Nbxd4 {[%eval 39,0]} Nxd4 $6 {[%eval 91,0] Inaccuracy. Nd5 was best.} (
9... Nd5 10. Nxc6 bxc6 11. Bd2 Rb8 12. c4 Nf6 13. Qc2 Bb4 14. Bxb4 Rxb4 15. Bd3
c5 16. O-O-O) 10. Bxd4 {[%eval 88,0]} Qd5 {[%eval 129,0]} 11. Qb3 {[%eval 131,
0]} Qe4+ {[%eval 77,0]} 12. Be2 {[%eval 9,0]} Be7 {[%eval 101,0]} 13. Nd2 {
[%eval 111,0]} Qxg2 {[%eval 99,0]} 14. Bf3 {[%eval 109,0]} Qg5 {[%eval 128,0]}
15. Bxb7 {[%eval 109,0]} Bxb7 {[%eval 114,0]} 16. Qxb7 {[%eval 103,0]} Qd5 {
[%eval 112,0]} 17. Qxd5 {[%eval 89,0]} Nxd5 {[%eval 114,0]} 18. Bxg7 {[%eval
106,0]} Rg8 {[%eval 100,0]} 19. Be5 {[%eval 99,0]} f6 {[%eval 109,0]} 20. Bg3 {
[%eval 111,0]} Rc8 {[%eval 101,0]} 21. O-O-O {[%eval 121,0]} Rg4 {[%eval 152,0]
} 22. Rhe1 {[%eval 165,0]} Kf7 {[%eval 164,0]} 23. Re4 {[%eval 151,0]} h5 {
[%eval 182,0]} 24. f3 {[%eval 200,0]} Rxe4 {[%eval 205,0]} 25. fxe4 {[%eval
263,0]} Ne3 {[%eval 287,0]} 26. Re1 {[%eval 273,0]} Bc5 {[%eval 281,0]} 27. Re2
{[%eval 244,0]} a5 {[%eval 279,0]} 28. Bf2 {[%eval 242,0]} Ng2 {[%eval 259,0]}
29. Bg3 {[%eval 294,0]} Ne3 {[%eval 294,0]} 30. Nb3 {[%eval 303,0]} Nc4 $6 {
[%eval 394,0] Inaccuracy. Nf1 was best.} (30... Nf1 31. Bf4 e5 32. Nxc5 exf4
33. Nd3 f3 34. Rf2 Rd8 35. Ne5+ fxe5 36. Rxf3+ Ke6 37. Rxf1) 31. Nxc5 {[%eval
403,0]} Rxc5 {[%eval 392,0]} 32. b3 {[%eval 401,0]} Nb6 {[%eval 433,0]} 33. Kc2
{[%eval 454,0]} Nc8 {[%eval 406,0]} 34. c4 {[%eval 402,0]} e5 {[%eval 408,0]}
35. Rd2 {[%eval 415,0]} Ke6 $6 {[%eval 535,0] Inaccuracy. Rc7 was best.} (35...
Rc7 36. Rd5) 36. Rd5 Rxd5 37. cxd5+ Kd6 38. Be1 Kc5 39. Kd3 Nd6 40. Bxa5 f5 41.
b4+ Kb5 42. exf5 Nxf5 43. Ke4 Nh6 44. Kxe5 Ng4+ 45. Ke6 Nxh2 46. d6 Nf3 47. d7
Nd4+ 48. Kd5 Nc6 49. a4+ 1-0

[Event "Kvika Reykjavik Open 2022"]
[Site "Reykjavik, Iceland"]
[Date "2022.04.07"]
[Round "2.5"]
[White "Song, Julien"]
[Black "Sadhwani, Raunak"]
[Result "1/2-1/2"]
[WhiteElo "2373"]
[BlackElo "2628"]
[PlyCount "113"]
[EventDate "2022.??.??"]

1. d4 {[%eval 3,0]} f5 {[%eval 62,0]} 2. g3 {[%eval 55,0]} Nf6 {[%eval 67,0]}
3. Bg2 {[%eval 58,0]} g6 {[%eval 53,0]} 4. Nf3 {[%eval 63,0]} Bg7 {[%eval 58,0]
} 5. O-O {[%eval 43,0]} O-O {[%eval 56,0]} 6. c4 {[%eval 58,0]} d6 {[%eval 52,
0]} 7. Nc3 {[%eval 46,0]} c6 {[%eval 62,0]} 8. Qc2 {[%eval 48,0]} Na6 {[%eval
62,0]} 9. Rb1 {[%eval 7,0]} Nc7 {[%eval 81,0]} 10. b4 $6 {[%eval 3,0]
Inaccuracy. b3 was best.} (10. b3 b5 11. cxb5 cxb5 12. Nxb5 Nxb5 13. Qc4+ d5
14. Qxb5 Qb6 15. Qxb6 axb6 16. Rb2 Ba6) 10... Be6 {[%eval 27,0]} 11. Nd2 {
[%eval 0,0]} f4 {[%eval 9,0]} 12. Rb3 {[%eval 3,0]} fxg3 {[%eval 46,0]} 13.
hxg3 {[%eval 42,0]} Qd7 {[%eval 8,0]} 14. b5 {[%eval 9,0]} Bh3 {[%eval 111,0]}
15. bxc6 {[%eval 103,0]} bxc6 {[%eval 101,0]} 16. Nf3 {[%eval 103,0]} Bxg2 {
[%eval 116,0]} 17. Kxg2 {[%eval 128,0]} Ne6 {[%eval 108,0]} 18. Ne4 {[%eval
125,0]} Rac8 {[%eval 168,0]} 19. Nxf6+ {[%eval 141,0]} exf6 {[%eval 149,0]} 20.
e3 $6 {[%eval 76,0] Inaccuracy. Rd1 was best.} (20. Rd1 d5 21. Ba3 Rfe8 22.
Rdb1 Ng5 23. Nxg5 fxg5 24. Bc5 Qe6 25. cxd5 Qxd5+ 26. Kg1 Bxd4) 20... f5 {
[%eval 100,0]} 21. Bd2 {[%eval 75,0]} Rce8 $6 {[%eval 176,0] Inaccuracy. Rb8
was best.} (21... Rb8) 22. Rfb1 {[%eval 169,0]} Nd8 {[%eval 202,0]} 23. Ba5 $6
{[%eval 129,0] Inaccuracy. c5 was best.} (23. c5 d5) 23... Re7 $4 {[%eval 401,
0] Blunder. f4 was best.} (23... f4) 24. Bxd8 {[%eval 449,0]} Qxd8 {[%eval 408,
0]} 25. Rb7 {[%eval 386,0]} Qe8 {[%eval 475,0]} 26. Qa4 {[%eval 454,0]} Ref7 $6
{[%eval 593,0] Inaccuracy. Rxb7 was best.} (26... Rxb7) 27. Rxf7 $2 {[%eval
313,0] Mistake. Ng5 was best.} (27. Ng5) 27... Rxf7 {[%eval 302,0]} 28. Ng5 {
[%eval 266,0]} Re7 $6 {[%eval 383,0] Inaccuracy. Bf6 was best.} (28... Bf6 29.
Nxf7) 29. Qb4 {[%eval 434,0]} c5 {[%eval 542,0]} 30. dxc5 $4 {[%eval 168,0]
Blunder. Qb8 was best.} (30. Qb8 cxd4 31. Qxd6 Be5 32. Qd5+ Kg7 33. Rb7 Rxb7
34. Qxb7+ Kf8 35. exd4 Bxd4 36. Nxh7+ Kg8) 30... Qc6+ {[%eval 164,0]} 31. Kg1 {
[%eval 131,0]} dxc5 {[%eval 105,0]} 32. Qb8+ {[%eval 95,0]} Bf8 {[%eval 67,0]}
33. Qb5 {[%eval 73,0]} Qxb5 {[%eval 78,0]} 34. Rxb5 {[%eval 81,0]} h6 {[%eval
94,0]} 35. Nf3 {[%eval 8,0]} Rc7 {[%eval 111,0]} 36. Ne5 {[%eval 114,0]} Kg7 {
[%eval 103,0]} 37. a4 {[%eval 111,0]} Kf6 {[%eval 122,0]} 38. Nd3 {[%eval 102,
0]} Bd6 {[%eval 123,0]} 39. Kg2 $6 {[%eval 53,0] Inaccuracy. Ra5 was best.} (
39. Ra5) 39... Rc6 {[%eval 54,0]} 40. Kf3 {[%eval 68,0]} g5 {[%eval 61,0]} 41.
e4 $6 {[%eval 0,0] Inaccuracy. Ke2 was best.} (41. Ke2) 41... h5 {[%eval 1,0]}
42. Ke3 {[%eval 0,0]} h4 {[%eval 8,0]} 43. gxh4 {[%eval 0,0]} gxh4 {[%eval 0,0]
} 44. f4 {[%eval 1,0]} fxe4 {[%eval 0,0]} 45. Kxe4 {[%eval 0,0]} Ke6 {[%eval 1,
0]} 46. Rb7 {[%eval 0,0]} Ra6 $4 {[%eval 451,0] Blunder. Rc7 was best.} (46...
Rc7 47. Rxc7 Bxc7 48. Nxc5+ Kf6 49. Nd3 Ke6 50. Nc5+) 47. Rh7 {[%eval 456,0]}
Rxa4 {[%eval 456,0]} 48. Rh6+ Ke7 49. Kd5 Ra3 50. Nxc5 Bxc5 51. Kxc5 h3 52. Kb4
Rf3 53. Kb5 Rb3+ 54. Ka4 Rf3 55. Kb5 Rb3+ 56. Ka4 Rf3 57. Kb5 1/2-1/2

[Event "Kvika Reykjavik Open 2022"]
[Site "Reykjavik, Iceland"]
[Date "2022.04.07"]
[Round "2.6"]
[White "Praggnanandhaa, R..."]
[Black "Brunello, Marina"]
[Result "1/2-1/2"]
[WhiteElo "2624"]
[BlackElo "2337"]
[PlyCount "124"]
[EventDate "2022.??.??"]

1. d4 {[%eval 3,0]} d5 {[%eval 35,0]} 2. c4 {[%eval 36,0]} c6 {[%eval 28,0]} 3.
Nf3 {[%eval 36,0]} Nf6 {[%eval 38,0]} 4. e3 {[%eval 24,0]} Bf5 {[%eval 3,0]} 5.
Nc3 {[%eval 14,0]} e6 {[%eval 24,0]} 6. Nh4 {[%eval 28,0]} Be4 {[%eval 16,0]}
7. f3 {[%eval 33,0]} Bg6 {[%eval 34,0]} 8. Qb3 {[%eval 36,0]} Qc7 {[%eval 39,0]
} 9. Bd2 {[%eval 37,0]} Be7 {[%eval 36,0]} 10. O-O-O {[%eval 4,0]} dxc4 {
[%eval 3,0]} 11. Qxc4 {[%eval 57,0]} a6 {[%eval 28,0]} 12. Nxg6 {[%eval 19,0]}
hxg6 {[%eval 32,0]} 13. Qb3 {[%eval 4,0]} c5 {[%eval 16,0]} 14. d5 {[%eval 29,
0]} exd5 {[%eval 23,0]} 15. Nxd5 {[%eval 7,0]} Nxd5 {[%eval 25,0]} 16. Qxd5 {
[%eval 36,0]} Nc6 {[%eval 38,0]} 17. h4 {[%eval 18,0]} Nb4 {[%eval 26,0]} 18.
Qe4 {[%eval 14,0]} O-O-O {[%eval 13,0]} 19. a3 {[%eval 16,0]} Nc6 {[%eval 36,0]
} 20. Be2 {[%eval 6,0]} Kb8 {[%eval 9,0]} 21. Kb1 {[%eval 0,0]} Bf6 {[%eval 4,
0]} 22. Bc1 {[%eval 16,0]} Rxd1 {[%eval 0,0]} 23. Bxd1 {[%eval 28,0]} Ne7 {
[%eval 8,0]} 24. Bb3 {[%eval 1,0]} Nf5 {[%eval 2,0]} 25. Rd1 {[%eval 46,0]} Nd6
{[%eval 61,0]} 26. Qf4 {[%eval 48,0]} Rd8 $6 {[%eval 114,0] Inaccuracy. c4 was
best.} (26... c4 27. Bc2) 27. Bc2 $6 {[%eval 6,0] Inaccuracy. e4 was best.} (
27. e4 c4) 27... Ka7 $2 {[%eval 196,0] Mistake. Nb5 was best.} (27... Nb5 28.
Rxd8+ Bxd8 29. Qc4 Bf6 30. a4 Nd6 31. Qd5 Bxh4 32. e4 Bg3 33. Be3 f6 34. Qxc5)
28. g4 {[%eval 163,0]} Qe7 $6 {[%eval 221,0] Inaccuracy. Be7 was best.} (28...
Be7) 29. g5 {[%eval 200,0]} Be5 {[%eval 228,0]} 30. Qg4 {[%eval 229,0]} Nb5 {
[%eval 212,0]} 31. Rxd8 {[%eval 258,0]} Qxd8 {[%eval 212,0]} 32. Qc4 $6 {
[%eval 105,0] Inaccuracy. a4 was best.} (32. a4 Nc7) 32... Qb6 {[%eval 125,0]}
33. Ka2 {[%eval 119,0]} Nd6 {[%eval 153,0]} 34. Qd5 {[%eval 147,0]} Bg3 {
[%eval 102,0]} 35. e4 {[%eval 128,0]} c4 $4 {[%eval 307,0] Blunder. Qc6 was
best.} (35... Qc6 36. Qxc6 bxc6 37. Be3 Kb6 38. b4 Kc7 39. Bxc5 Bxh4 40. Bd3
Bxg5 41. Bxa6 Bf4 42. a4) 36. e5 {[%eval 365,0]} Nb5 {[%eval 359,0]} 37. a4 {
[%eval 367,0]} Nc7 {[%eval 368,0]} 38. Qxf7 {[%eval 394,0]} c3 {[%eval 393,0]}
39. Qxg6 $4 {[%eval 97,0] Blunder. bxc3 was best.} (39. bxc3) 39... Qg1 {
[%eval 66,0]} 40. Qd6 {[%eval 69,0]} Qxc1 {[%eval 7,0]} 41. Qd4+ {[%eval 68,0]}
Kb8 {[%eval 86,0]} 42. Qd8+ {[%eval 67,0]} Ka7 {[%eval 82,0]} 43. Qd4+ {
[%eval 74,0]} b6 {[%eval 68,0]} 44. Qxc3 {[%eval 62,0]} Nd5 {[%eval 6,0]} 45.
Qd4 {[%eval 67,0]} Qxc2 {[%eval 53,0]} 46. Qxd5 {[%eval 65,0]} Qf5 {[%eval 76,
0]} 47. a5 {[%eval 4,0]} Qxe5 {[%eval 52,0]} 48. Qd7+ {[%eval 55,0]} Qc7 {
[%eval 65,0]} 49. axb6+ {[%eval 33,0]} Kxb6 {[%eval 37,0]} 50. Qd4+ {[%eval 37,
0]} Kb5 {[%eval 54,0]} 51. Qd5+ {[%eval 56,0]} Kb4 {[%eval 49,0]} 52. Qb3+ {
[%eval -91,0]} Kc5 {[%eval 52,0]} 53. h5 {[%eval 5,0]} Qa5+ {[%eval -78,0]} 54.
Kb1 {[%eval 34,0]} Qe1+ {[%eval 94,0]} 55. Ka2 {[%eval 23,0]} Qa5+ {[%eval -86,
0]} 56. Kb1 {[%eval 98,0]} Kd4 57. h6 gxh6 58. gxh6 Be5 59. h7 Qe1+ 60. Ka2
Qa5+ 61. Kb1 Qe1+ 62. Ka2 Qa5+ 1/2-1/2

[Event "Kvika Reykjavik Open 2022"]
[Site "Reykjavik, Iceland"]
[Date "2022.04.07"]
[Round "2.7"]
[White "Heimisson, Hilmir Freyr"]
[Black "Gupta, Abhijeet"]
[Result "0-1"]
[WhiteElo "2321"]
[BlackElo "2616"]
[PlyCount "84"]
[EventDate "2022.??.??"]

1. d4 {[%eval 3,0]} Nf6 {[%eval 23,0]} 2. c4 {[%eval 2,0]} g6 {[%eval 3,0]} 3.
Nf3 {[%eval 25,0]} Bg7 {[%eval 13,0]} 4. g3 {[%eval 0,0]} O-O {[%eval 12,0]} 5.
Bg2 {[%eval 13,0]} c6 {[%eval 22,0]} 6. Nc3 {[%eval 12,0]} d5 {[%eval 2,0]} 7.
cxd5 {[%eval 8,0]} cxd5 {[%eval 17,0]} 8. Ne5 {[%eval 45,0]} e6 {[%eval 16,0]}
9. O-O {[%eval 47,0]} Nfd7 {[%eval 49,0]} 10. Nf3 {[%eval 45,0]} Nc6 {[%eval
45,0]} 11. Bf4 {[%eval 5,0]} Qb6 {[%eval 56,0]} 12. Na4 {[%eval 57,0]} Qa6 {
[%eval 72,0]} 13. Rc1 {[%eval 76,0]} b5 {[%eval 66,0]} 14. Nc3 {[%eval 46,0]}
Nb6 {[%eval 65,0]} 15. Re1 $2 {[%eval 46,0] Mistake. a3 was best.} (15. a3 Bb7
16. h4 Nc4 17. h5 Rac8 18. b3 Nxa3 19. e3 Na5 20. Na2 b4 21. Ne5 Rxc1) 15... b4
{[%eval 27,0]} 16. Nb1 {[%eval 35,0]} Bd7 {[%eval 53,0]} 17. e3 {[%eval 44,0]}
Qxa2 {[%eval 6,0]} 18. Nbd2 {[%eval 36,0]} Qxb2 {[%eval 0,0]} 19. Nb3 $4 {
[%eval -37,0] Blunder. Bf1 was best.} (19. Bf1 Nb8 20. Rb1 Qa3 21. Ra1 Qb2)
19... Na4 {[%eval -58,0]} 20. Qd3 $6 {[%eval -145,0] Inaccuracy. Rb1 was best.}
(20. Rb1) 20... e5 {[%eval -197,0]} 21. dxe5 {[%eval -178,0]} Nc3 {[%eval -189,
0]} 22. Nbd4 {[%eval -177,0]} Nxd4 {[%eval -155,0]} 23. Nxd4 {[%eval -162,0]}
a5 $4 {[%eval 68,0] Blunder. Rac8 was best.} (23... Rac8 24. Ra1) 24. Rc2 {
[%eval 39,0]} Qa3 {[%eval 74,0]} 25. e4 $4 {[%eval -149,0] Blunder. Qf1 was
best.} (25. Qf1 Ba4) 25... dxe4 {[%eval -131,0]} 26. Bxe4 {[%eval -197,0]} Rac8
{[%eval -162,0]} 27. Bc1 $6 {[%eval -253,0] Inaccuracy. Bb7 was best.} (27. Bb7
Nb5 28. Qxa3 bxa3 29. Rd2 Nxd4 30. Rxd4 Rc7 31. Bd5 Rfc8 32. Rd3 g5 33. Bxg5
Bf8) 27... Qa4 {[%eval -217,0]} 28. Rd2 $6 {[%eval -449,0] Inaccuracy. Bg2 was
best.} (28. Bg2 Rfe8) 28... Nxe4 {[%eval -583,0]} 29. Qxe4 {[%eval -424,0]} Bc6
{[%eval -344,0]} 30. Qh4 {[%eval -425,0]} Ba8 {[%eval -557,0]} 31. Bb2 {
[%eval -693,0]} Qd7 {[%eval -503,0]} 32. Rde2 {[%eval -611,0]} Qd5 {[%eval
-621,0]} 33. f3 {[%eval -639,0]} Rc4 {[%eval -633,0]} 34. Re4 {[%eval -762,0]}
Qd8 {[%eval -648,0]} 35. Qg4 {[%eval -724,0]} Bxe4 {[%eval -724,0]} 36. Rxe4 {
[%eval -847,0]} a4 {[%eval -831,0]} 37. e6 {[%eval -989,0]} f5 {[%eval -916,0]}
38. Nxf5 $6 {[%eval -32747,0] Checkmate is now unavoidable. Qh4 was best.} (38.
Qh4 fxe4) 38... Qd1+ {[%eval -32749,0]} 39. Kg2 {[%eval -32749,0]} Rc2+ {
[%eval -32751,0]} 40. Kh3 {[%eval -32751,0]} Qf1+ {[%eval -32753,0]} 41. Kh4 {
[%eval -32753,0]} Rxh2+ {[%eval -32755,0]} 42. Kg5 {[%eval -32755,0]} Rh5+ {
[%eval -32757,0]} 0-1